Auswanderungen Honduras - Statistiken

Allgemein
  • Dieses Quiz wurde 44 mal gespielt
  • Das Durchschnittsergebnis liegt bei 9 aus 11
Antwortstatistiken
Platz Land Anzahl % Korrekt
1. Vereinigte Staaten 655.995
100%
3. Mexiko 15.300
95%
8. Kanada 8.291
93%
11. Brasilien 2.497
88%
9. Costa Rica 3.981
85%
7. Guatemala 8.608
85%
5. El Salvador 11.834
83%
4. Nicaragua 13.057
80%
6. Belize 9.463
76%
2. Spanien 57.764
73%
10. Italien 2.880
51%
Keine übereinstimmenden Quizze gefunden
Verteilung der Resultate
Anzahl Personen mit jedem Resultat
Perzentil nach korrekt beantworteten Fragen
Ihre Resultats-Entwicklung
Sie haben dieses Quiz noch nicht gespielt